| 000 | 00739nam a22002052 4500 | ||
|---|---|---|---|
| 001 | 0000008748 | ||
| 005 | 20151217155835.0 | ||
| 008 | 080526s xx 000 0 eng d | ||
| 020 | _cKES | ||
| 040 |
_aKABU _cKABU |
||
| 100 | 1 |
_aDavis, W. Twiston. _@0000159448 |
|
| 245 | 1 | 0 |
_aFifty years of progress : _ban account of the African organization of the Imperial Tobacco Company 1907-1957 / _cW. Twiston Davis. |
| 260 |
_aBristol, England : _bImperial Tobacco, _c[1957] |
||
| 300 | _a92 p. | ||
| 650 | 0 |
_aThe Imperial Tobacco Company of Great Britain and Ireland. _@0000159449 |
|
| 650 | 0 |
_aTobacco _zRhodesia and Nyasaland. _@0000159450 |
|
| 908 | _a080526 | ||
| 950 | _@1 | ||
| 999 |
_c13119 _d13119 |
||